| 000 | 00446nam a2200181Ia 4500 | ||
|---|---|---|---|
| 005 | 20250508153841.0 | ||
| 008 | 008 250505s9999 xx 000 0 eng d | ||
| 037 | _aTextual | ||
| 040 |
_aFEDL _beng _cFEDL |
||
| 041 |
_aeng _2eng |
||
| 084 |
_a374, UNE _qFEDL |
||
| 245 | 0 | _aLiteracy and education for adults | |
| 245 | 0 | _cUNESCO | |
| 260 | _c1964 | ||
| 300 | _a179p. | ||
| 942 |
_cTEXL _h374, UNE |
||
| 999 |
_c1345944 _d1345944 |
||